000 01746nam2a2200265 4500
001 RU\NLR\bibl\1308788
005 20250615153320.0
021 _aRU
_b2008-84615
_94933
035 _a(NLR Aleph) 001294259
090 _a578652
_c578652
100 _a20081217d2008 |||y0rusy50 ca
101 0 _arus
102 _aRU
105 _aa |||||||||
200 1 _a[Секция кафедры общей педагогики
_aСекция кафедры возрастной и общей психологии
_aСекция кафедры специальной педагогики и методик обучения
_aСекция кафедры специальной психологии
_aСекция кафедры ТиМНиДО факультета ДиНО]
_f... Каф. общ. педагогики, Фак. психологии и Каф. ТиМНиДО Фак. ДиНО
210 _d2008
_aБ. м.
215 _a255 с.
_cил.
300 _aПодзаг. к общ. загл.: ... 21-22 апреля 2008 г.
320 _aБиблиогр. в конце докл.
461 0 _1001RU\NLR\bibl\1325461
_12001#$aИнтеграция науки и образования как условие повышения качества подготовки специалистов$vТ. 13
_9678056
_cОренбург
_d2008
_nОГПУ
_oматериалы XXIX преподавательской научно-практической конференции
_tИнтеграция науки и образования как условие повышения качества подготовки специалистов
_vТ. 13
801 0 _aRU
_bNLR
_c20081217
_gRCR
801 1 _aRU
_bNLR
_c20081217
942 _cBOOK
980 _aNB